| 000 | 00705nam a2200181 i 4500 | ||
|---|---|---|---|
| 001 | 81359 | ||
| 003 | ES-MaACL | ||
| 005 | 20230906174424.0 | ||
| 007 | t| | ||
| 008 | 041104s1940 po ||||1| por d | ||
| 100 | 1 |
_aHoyos Sáinz, Luis de, _d1868-1951 _964437 |
|
| 245 | 1 | 0 |
_aSuperticiones y prácticas populares acerca de la gestación en España _b: comunicaçao appresentada a la 3ª secçao do Congresso Nacional de Ciencias da populaçao / _cpelo Luis de Hoyos Sáinz. |
| 260 |
_aPorto : _b[s.n., _c1940] ( _fImp. Portuguesa) |
||
| 300 |
_a9 p. ; _c26 cm. |
||
| 500 | _aPrecede al tít.: Comemoraçoes portuguesas de 1940. | ||
| 852 |
_aES-MaACL _j1841-F-26 _bR.19967 |
||
| 999 |
_c81359 _d81359 |
||